LEADER 01186nam a2200205 i 4500 001 000000171229 003 CaOOAMICUS 005 20080422000000.0 008 080422s1565 it u000 u lat u 013 $a148659 040 $aSeMil$bita 245 12$aL'Architettura ; Tradotta in lingua fiorentina da Cosimo Bartoli, con la aggiunta de' disegni et altri diversi trattati del medesimo autore. 260 $aMondovì (Monte Regale) :$bLionardo Torrentino,$c1565, agosto. 300 $a22 x 33 ;$cpp. 352 con illustrazioni ;$crom. 500 $aDescrizione da : Incunaboli e Cinquecentine della Biblioteca del Seminario di Milano / catalogo a cura di Ubaldo Valentini, Milano 1981. - Numero di catalogo : 22. 700 1 $aAlberti, Leon Battista,$d<1404-1472>.$0(OLS)http://semarc/name/4891 850 $aSeMil 852 $aSeMil$W1$xVenegono$y1$mFV.A VI 35$j122101$B122101$CSeMilBibl$Z2$F133392 $86 996 $6245$aL'Architettura ; Tradotta in lingua fiorentina da Cosimo Bartoli, con la aggiunta de' disegni et altri diversi trattati del medesimo autore$9(OLS)http://semarc/title/244953 996 $6260$aMondovì (Monte Regale) :$bLionardo Torrentino$9(OLS)http://semarc/publisher/49014 LEADER 01094nam a2200253 i 4500 001 000000204931 003 CaOOAMICUS 005 20160329000000.0 008 160329s1998 it u000 u ita u 013 $a183661 020 $a88-250-0642-X 040 $aSeMil$bita 100 1 $aPopieluszko, Jerzy.$0(OLS)http://semarc/name/73815 245 13$aLa mia vita per la verità :$bdiario, altri scritti, testimonianze /$cJerzy Popieluszko. 260 $aPadova :$bMessaggero,$c1998. 300 $a247 p., [4] c. di tav. :$bill. ;$c21 cm. 600 14$aPopie?uszko, Jerzy .$0(OLS)http://semarc/subject/8147 650 4$aAutobiografie.$0(OLS)http://semarc/subject/2396 850 $aSeMil 852 $aSeMil$W1$xVenegono$y1$m3J II 239$j155425$B155425$CSeMilBibl$Z2$F212052 $81 961 $aLascito: Calori don Carlo 996 $6020$a88-250-0642-X$9(OLS)http://semarc/number/198385 996 $6245$aLa mia vita per la verità :$bdiario, altri scritti, testimonianze$9(OLS)http://semarc/title/296794 996 $6260$aPadova :$bMessaggero$9(OLS)http://semarc/publisher/29786